Ibn Khaldun : an essay in reinterprentation

Bibliographic Details
Main Author: al-Azmeh, Aziz (Author)
Format: Book
Published: London : Frank Cass , 1982
Subjects:

MARC

LEADER 00000cam a2200000 7i4500
001 0000006175
005 20160530093000.0
008 021119s1982
020 |a 0714631302 
090 0 0 |a D13.2   |b .A95 
100 0 |a al-Azmeh, Aziz ,   |e author 
245 1 0 |a Ibn Khaldun :   |b an essay in reinterprentation   |c Aziz al-Azmeh 
260 2 |a London :   |b Frank Cass ,   |c 1982 
300 |a 176 p. ;   |c 22 cm. 
500 |a Includes index 
600 0 0 |a Ibn Khaldun ,   |d 1332-1406 
650 0 |a Historiography 
999 |a 1000007914   |b Book   |c OPEN SHELF (30 DAYS)   |e Gong Badak Campus